Základní elektrotechnické výpočty /

Enregistré dans:
Détails bibliographiques
Auteurs principaux: Meluzin, Hubert (Auteur), Hajach, Tomáš (Auteur), Bernáth, Jozef (Auteur)
Autres auteurs: Zíka, Josef (Traducteur)
Format: Livre
Langue:tchèque
Publié: Praha : SNTL, 1976
Édition:1.vyd.
Sujets:
Tags: Ajouter un tag
Pas de tags, Soyez le premier à ajouter un tag!

MARC

LEADER 00000nam a22000003a 4500
001 stu36686
005 20150617225727.4
008 920617s1976----cs------------------cze-d
040 |a STU  |b slo 
041 0 |a cze 
044 |a cs 
080 |a 621.3.001.24 
100 1 |a Meluzin, Hubert  |4 aut 
245 1 |a Základní elektrotechnické výpočty /  |c [aut.]Tomáš Hajach, Hubert Meluzin, Jozef Bernáth; Zo slov. Josef Zíka 
250 |a 1.vyd. 
260 |a Praha :  |b SNTL,  |c 1976 
300 |a 411 s 
650 7 |a elektrotechnika  |2 stusub 
650 7 |a výpočty  |2 stusub 
700 1 |a Zíka, Josef  |4 trl 
700 1 |a Hajach, Tomáš  |4 aut 
700 1 |a Bernáth, Jozef  |4 aut 
996 |b 284J020681  |c J*50127  |l JJSK  |s A  |a 24  |w stu36686_0001 
996 |b 284J020680  |c J*50126  |l JJSK  |s A  |a 24  |w stu36686_0002 
996 |b 284M022409  |c M*7729-1  |l MMKN  |s A  |a 24  |w stu36686_0003